The success story of cocoa processing & chocolate manufacture in Ghana / (Record no. 823)
[ view plain ]
| 000 -LEADER | |
|---|---|
| fixed length control field | 00557cam a22001814a 4500 |
| 020 ## - INTERNATIONAL STANDARD BOOK NUMBER | |
| ISBN | 1874601011 |
| 050 00 - CALL NUMBER | |
| Classification number | SB268. |
| Item number | GHA98 |
| 100 1# - AUTHOR | |
| Personal name | Awua, P. K. |
| 245 14 - TITLE | |
| Title | The success story of cocoa processing & chocolate manufacture in Ghana / |
| Statement of responsibility, etc | P.K. Awua. |
| 260 ## - PUBLICATION INFORMATION | |
| Place of publication | Saffron Walden, Essex, U.K. : |
| Name of publisher | David Jamieson & Associates, |
| Year of publication | c2002. |
| 300 ## - DESCRIPTION | |
| Number of Pages | 144 p. : |
| Other physical details | col. ill. ; |
| Dimensions | 26 cm. |
| 500 ## - NOTES | |
| General note | Includes index and bibliographic reference |
| 650 #0 - SUBJECTS | |
| Topical Term | Cocoa |
| 650 #0 - SUBJECTS | |
| Topical Term | Cocoa |
| 650 #0 - SUBJECTS | |
| Topical Term | Cocoa processing |
| 650 #0 - SUBJECTS | |
| Topical Term | Chocolate industry |
| 942 ## - ADDED ENTRY ELEMENTS (KOHA) | |
| Koha item type | Books |
| Withdrawn status | Lost status | Home library | Current library | Date acquired | Full call number | Accession Number | Koha item type |
|---|---|---|---|---|---|---|---|
| Methodist University Library Wenchi Faculty | Methodist University Library Wenchi Faculty | 14/11/2017 | SB268. GHA98 | 28739 | Books | ||
| Methodist University Library Wenchi Faculty | Methodist University Library Wenchi Faculty | 14/11/2017 | SB268. GHA98 | 391366 | Books | ||
| Methodist University Library Wenchi Faculty | Methodist University Library Wenchi Faculty | 14/11/2017 | SB268. GHA98 | 36137 | Books | ||
| Methodist University Library Wenchi Faculty | Methodist University Library Wenchi Faculty | 14/11/2017 | SB268. GHA98 | 21590 | Books |